[Event "50th Sparkassen Open A"]
[Site "Dortmund GER"]
[Date "2023.06.28"]
[Round "5.17"]
[White "Vogel, Roven"]
[Black "Priyanka, Nutakki"]
[Result "1-0"]
[WhiteTitle "IM"]
[BlackTitle "WGM"]
[WhiteElo "2458"]
[BlackElo "2352"]
[WhiteFideId "12908088"]
[BlackFideId "25049615"]
[EventDate "2023.06.24"]

1. Nf3 d5 2. e3 Nf6 3. c4 e6 4. Nc3 Be7 5. b3 O-O 6. Bb2 c5 7. cxd5 exd5 8. d4
Nc6 9. Be2 Bg4 10. dxc5 Bxc5 11. O-O a6 12. h3 Bh5 13. Nh4 Bxe2 14. Nxe2 Bd6 15.
Nd4 Re8 16. Rc1 Rc8 17. Nhf5 Be5 18. Rc2 Qd7 19. Ba1 Nxd4 20. Nxd4 Rxc2 21. Nxc2
Bxa1 22. Qxa1 Rc8 23. Nd4 Qc7 24. Nf5 b5 25. Rd1 b4 26. Rxd5 Qc1+ 27. Rd1 Qxa1
28. Rxa1 Kf8 29. a3 Rc5 30. Nd6 Rd5 31. Nc4 Rd3 32. axb4 Rxb3 33. Rxa6 Rxb4 34.
Nd6 Ne4 35. Nf5 Rb8 36. f3 Nf6 37. Ra7 Rd8 38. e4 g6 39. Ne3 Rd3 40. Nc4 Nd7 41.
Kf2 h5 42. Ke2 Rd4 43. Rc7 Ke8 44. Rc8+ Ke7 45. h4 Nf6 46. Ne5 Ke6 47. Ke3 Ra4
48. Rc6+ Ke7 49. Rb6 Ra2 50. Rb7+ Ke6 51. Nxf7 Nd7 52. Ng5+ Kd6 53. g3 Ra3+ 54.
Kf4 Nc5 55. Rb6+ Kc7 56. Rxg6 Nd3+ 57. Kf5 Ra5+ 58. Kf6 Ra6+ 59. Kg7 1-0

[Event "50th Sparkassen Open A"]
[Site "Dortmund GER"]
[Date "2023.06.28"]
[Round "5.18"]
[White "Willow, Jonah B"]
[Black "Woelk, Tom-Frederic"]
[Result "0-1"]
[WhiteTitle "IM"]
[BlackTitle "FM"]
[WhiteElo "2447"]
[BlackElo "2318"]
[WhiteFideId "438804"]
[BlackFideId "12993077"]
[EventDate "2023.06.24"]

1. e4 c5 2. Nf3 d6 3. d4 cxd4 4. Nxd4 Nf6 5. Nc3 a6 6. Bd3 g6 7. f3 Qb6 8. a3
Nc6 9. Be3 e5 10. Nf5 Qd8 11. Ng3 Bg7 12. Qd2 Be6 13. Rd1 O-O 14. Be2 Nd4 15.
Nb1 d5 16. Bxd4 exd4 17. e5 Nd7 18. f4 f6 19. exf6 Qxf6 20. O-O Nc5 21. c3 dxc3
22. Nxc3 Rad8 23. Qc2 Qe7 24. Bf3 d4 25. Nce4 d3 26. Qd2 Nb3 27. Qe1 Bc4 28. Nd2
Qxe1 29. Rfxe1 Nxd2 30. Rxd2 Bh6 31. Bd1 Rxf4 32. b3 Rf7 33. Rf2 d2 34. Re4 Rxf2
35. Kxf2 Rf8+ 36. Kg1 Bd3 37. Re6 Rc8 0-1

[Event "50th Sparkassen Open A"]
[Site "Dortmund GER"]
[Date "2023.06.28"]
[Round "5.19"]
[White "Garner, Isaac"]
[Black "Seemann, Jakub"]
[Result "0-1"]
[BlackTitle "FM"]
[WhiteElo "2359"]
[BlackElo "2446"]
[WhiteFideId "16239261"]
[BlackFideId "21874697"]
[EventDate "2023.06.24"]

1. d4 Nf6 2. Nf3 e6 3. Bf4 d5 4. Nbd2 c5 5. e3 Bd6 6. dxc5 Bxf4 7. exf4 Qc7 8.
g3 Qxc5 9. Bd3 O-O 10. O-O b6 11. Qe2 Bb7 12. Ne5 Nc6 13. c3 Qe7 14. Nb3 Nd7 15.
Nxc6 Bxc6 16. Nd4 Bb7 17. Rfe1 Nc5 18. Bc2 Rfe8 19. Rad1 a5 20. Qg4 Ne4 21. f3
Nd6 22. Qh3 g6 23. f5 e5 24. fxg6 hxg6 25. f4 Ne4 26. fxe5 Qxe5 27. Ba4 Re7 28.
Qg2 Rd8 29. Bb5 Kg7 30. Qf3 Rd6 31. Qd3 Qh5 32. Qf3 Qe5 33. Qd3 Rf6 34. Rf1
Rxf1+ 35. Rxf1 Nd6 36. Nf3 Qe3+ 37. Qxe3 Rxe3 38. a4 Nc4 39. Kf2 Re7 40. Rb1 Bc8
41. Nd4 Re5 42. b3 Nd2 43. Re1 Rxe1 44. Kxe1 Ne4 45. c4 dxc4 46. Bxc4 Nd6 47.
Bd3 Kf6 48. Kd2 Bh3 49. Ke3 Ke5 50. b4 Bd7 51. bxa5 bxa5 52. Nb5 Nc8 53. Nc3 Nb6
54. Bc2 Be6 55. Bd1 Nc4+ 56. Kd3 Nb2+ 57. Ke3 Nxd1+ 58. Nxd1 Kd5 59. Kd3 Bf5+
60. Kc3 Ke4 61. Nb2 Be6 62. Nd3 Kf3 63. Nc5 Kg2 64. Nb7 Kxh2 65. Nxa5 Kxg3 66.
Nc6 f5 67. a5 f4 68. Nd4 Bc8 69. Kd2 Kg2 70. Nc2 Ba6 71. Ne1+ Kg3 72. Nd3 Bxd3 0-1

[Event "50th Sparkassen Open A"]
[Site "Dortmund GER"]
[Date "2023.06.29"]
[Round "6.1"]
[White "Mendonca, Leon Luke"]
[Black "Aryan, Chopra"]
[Result "1/2-1/2"]
[WhiteTitle "GM"]
[BlackTitle "GM"]
[WhiteElo "2623"]
[BlackElo "2626"]
[WhiteFideId "35028561"]
[BlackFideId "5084423"]
[EventDate "2023.06.24"]

1. d4 Nf6 2. c4 e6 3. Nf3 b6 4. g3 Ba6 5. Qb3 d5 6. cxd5 Qxd5 7. Qd1 Nbd7 8. Bg2
Rc8 9. O-O Qa8 10. a4 Bb7 11. a5 b5 12. a6 Bc6 13. Bg5 Bd6 14. Qd3 O-O 15. Bxf6
Nxf6 16. Rc1 Rfd8 17. Nbd2 Bd5 18. Qxb5 Rb8 19. Qd3 Rxb2 20. Ne1 Bxg2 21. Nxg2
c5 22. Nc4 Rb4 23. Nxd6 Rxd4 24. Qb5 R4xd6 25. Ne3 Nd5 26. Qxc5 Nxe3 27. Qxe3 h6
28. f3 R8d7 29. Kf2 Qd8 30. Ra2 Qb6 31. Qxb6 Rxb6 32. Rc8+ Kh7 33. h4 Kg6 34.
Ke3 Rdd6 35. Rc7 Rxa6 36. Rxa7 Rxa2 1/2-1/2

[Event "50th Sparkassen Open A"]
[Site "Dortmund GER"]
[Date "2023.06.29"]
[Round "6.2"]
[White "Donchenko, Alexander"]
[Black "Bluebaum, Matthias"]
[Result "1-0"]
[WhiteTitle "GM"]
[BlackTitle "GM"]
[WhiteElo "2667"]
[BlackElo "2672"]
[WhiteFideId "24603295"]
[BlackFideId "24651516"]
[EventDate "2023.06.24"]

1. d4 d5 2. c4 e6 3. Nf3 Nf6 4. Nc3 c5 5. cxd5 cxd4 6. Qa4+ Bd7 7. Qxd4 exd5 8.
Nxd5 Qa5+ 9. Nc3 Nc6 10. Qd1 Ne4 11. Bd2 Nxd2 12. Nxd2 Bb4 13. Rc1 Be6 14. a3
Bxc3 15. Rxc3 O-O 16. e3 Rfd8 17. Be2 Ne7 18. O-O Rac8 19. b4 Qe5 20. Rxc8 Rxc8
21. Nf3 Qb2 22. Nd4 Bd7 23. Bb5 Bxb5 24. Nxb5 a6 25. Qd7 axb5 26. Qxe7 g6 27.
Qxb7 Rc3 28. Qb8+ Kg7 29. Qe5+ Kg8 30. h4 Qxa3 31. Qxb5 Rb3 32. Qb8+ Kg7 33.
Qe5+ Kh6 34. Qg5+ Kg7 35. h5 Qxb4 36. h6+ Kg8 37. Rd1 Rd3 38. Rxd3 Qb1+ 39. Kh2
Qxd3 40. Qe7 1-0

[Event "50th Sparkassen Open A"]
[Site "Dortmund GER"]
[Date "2023.06.29"]
[Round "6.3"]
[White "Raja, Rithvik R"]
[Black "Adams, Michael"]
[Result "1/2-1/2"]
[WhiteTitle "GM"]
[BlackTitle "GM"]
[WhiteElo "2488"]
[BlackElo "2666"]
[WhiteFideId "35007394"]
[BlackFideId "400041"]
[EventDate "2023.06.24"]

1. d4 Nf6 2. c4 e6 3. Nf3 d5 4. Nc3 Be7 5. Bf4 O-O 6. e3 Nbd7 7. Be2 dxc4 8. O-O
Nd5 9. Bxc4 Nxf4 10. exf4 Nb6 11. Bd3 Bd7 12. Be4 c6 13. Qe2 Nd5 14. g3 Qa5 15.
Ne5 Rad8 16. Rac1 Nf6 17. Bf3 Bc8 18. Rfd1 Qb6 19. Na4 Qb4 20. Rc4 Qa5 21. a3
Nd7 22. Nxd7 Rxd7 23. Nc5 Rd6 24. Ne4 Rd7 25. Nc5 Rd6 26. Ne4 Rd7 1/2-1/2

[Event "50th Sparkassen Open A"]
[Site "Dortmund GER"]
[Date "2023.06.29"]
[Round "6.4"]
[White "Ponomariov, Ruslan"]
[Black "Guo, Arthur"]
[Result "1/2-1/2"]
[WhiteTitle "GM"]
[BlackTitle "IM"]
[WhiteElo "2664"]
[BlackElo "2445"]
[WhiteFideId "14103320"]
[BlackFideId "30903114"]
[EventDate "2023.06.24"]

1. e4 e5 2. Nf3 Nc6 3. Bb5 a6 4. Ba4 Nf6 5. O-O b5 6. Bb3 Bc5 7. a4 Bb7 8. c3 d6
9. d4 Bb6 10. Bg5 h6 11. Bxf6 Qxf6 12. Bd5 O-O 13. Na3 Rfb8 14. Nc2 exd4 15.
cxd4 bxa4 16. Rxa4 a5 17. Re1 Ne7 18. Bxb7 Rxb7 19. Ne3 Rab8 20. h3 c6 21. Nc4
Qe6 22. Qc1 Bc7 23. Nxa5 Bxa5 24. Rxa5 Rxb2 25. Ra8 Rxa8 26. Qxb2 Qd7 27. Rc1
Qc7 28. g3 Qa7 29. Kg2 Rb8 30. Ra1 Qc7 31. Qa3 Rc8 32. Rc1 Qd8 33. Nd2 Ra8 34.
Qb3 Rb8 35. Qc3 Qb6 36. Rb1 Qc7 37. Ra1 Qb7 38. Nc4 d5 39. Nd6 Qd7 40. e5 Nf5
41. Ra6 Nxd6 42. exd6 Qxd6 43. Rxc6 Qd7 44. Rc5 Rd8 45. Qf3 Qe6 46. g4 g5 47.
Rc3 Qe4 48. Qxe4 dxe4 49. Rc4 Ra8 50. d5 Rd8 51. Rxe4 Rxd5 1/2-1/2

[Event "50th Sparkassen Open A"]
[Site "Dortmund GER"]
[Date "2023.06.29"]
[Round "6.5"]
[White "Rathanvel, V S"]
[Black "Svane, Frederik"]
[Result "0-1"]
[WhiteTitle "IM"]
[BlackTitle "GM"]
[WhiteElo "2463"]
[BlackElo "2603"]
[WhiteFideId "25002112"]
[BlackFideId "12923044"]
[EventDate "2023.06.24"]

1. e4 e5 2. Nf3 Nc6 3. Bb5 a6 4. Ba4 d6 5. O-O Bd7 6. c4 Nf6 7. Nc3 Bg4 8. h3
Bxf3 9. Qxf3 Nd7 10. Qg3 Nd4 11. Bxd7+ Qxd7 12. d3 g6 13. f4 exf4 14. Bxf4 Bg7
15. Bg5 O-O 16. Bf6 Qe6 17. Qh4 c6 18. Rf4 b5 19. Raf1 Bxf6 20. Qxf6 Qe5 21.
R1f2 Rae8 22. Ne2 Ne6 23. Rg4 Nc5 24. Qxe5 dxe5 25. cxb5 axb5 26. Rg3 Rd8 27.
Nc1 Rd6 28. Rc2 Ne6 29. Nb3 h5 30. Re3 h4 31. Nc5 Nd4 32. Rc1 Ra8 33. a3 Kg7 34.
Ree1 Kh6 35. Kf2 Kg5 36. Ke3 f5 37. Rc3 Rf8 38. Kd2 f4 39. Nb3 Nxb3+ 40. Rxb3 f3
41. Rg1 Kh5 42. Rc3 g5 43. Rc5 Rfd8 44. gxf3 Rxd3+ 45. Ke2 Rd2+ 46. Ke1 Rd1+ 47.
Kf2 R1d2+ 48. Ke1 Rd1+ 49. Kf2 R8d2+ 50. Ke3 Rd3+ 51. Ke2 R1d2+ 52. Ke1 Rd1+ 53.
Ke2 Rxg1 54. Kxd3 Rg3 55. Ke3 Rxh3 56. Rxe5 Kg6 57. Kf2 Rh2+ 58. Kg1 Rxb2 59.
Rc5 h3 60. Rxc6+ Kh5 61. Rc5 Kh4 62. Rf5 h2+ 63. Kh1 Kh3 0-1

[Event "50th Sparkassen Open A"]
[Site "Dortmund GER"]
[Date "2023.06.29"]
[Round "6.6"]
[White "Vogel, Roven"]
[Black "Kobo, Ori"]
[Result "1/2-1/2"]
[WhiteTitle "IM"]
[BlackTitle "GM"]
[WhiteElo "2458"]
[BlackElo "2556"]
[WhiteFideId "12908088"]
[BlackFideId "2812320"]
[EventDate "2023.06.24"]

1. Nf3 Nf6 2. c4 g6 3. Nc3 Bg7 4. e4 d6 5. d4 O-O 6. Be2 e5 7. O-O Na6 8. Be3
Qe7 9. Qc2 Nb4 10. Qd2 c5 11. dxe5 dxe5 12. Bg5 Qe6 13. h3 Nc6 14. Bd3 Qd6 15.
Nd5 Nxd5 16. cxd5 Nd4 17. Nxd4 cxd4 18. f4 Bd7 19. fxe5 Bxe5 20. Bh6 Rfe8 21.
Rf3 f6 22. Bf4 Rf8 23. Raf1 Rae8 24. Qf2 Kg7 25. Bxe5 Qxe5 26. Qd2 b6 27. Qf4 1/2-1/2

[Event "50th Sparkassen Open A"]
[Site "Dortmund GER"]
[Date "2023.06.29"]
[Round "6.7"]
[White "Raja, Harshit"]
[Black "Skabs, Denis"]
[Result "1-0"]
[WhiteTitle "GM"]
[WhiteElo "2510"]
[BlackElo "2059"]
[WhiteFideId "5089000"]
[BlackFideId "16248449"]
[EventDate "2023.06.24"]

1. e4 c6 2. Nf3 d5 3. Nc3 Bg4 4. h3 Bxf3 5. Qxf3 e6 6. Be2 Nf6 7. O-O dxe4 8.
Nxe4 Nxe4 9. Qxe4 Nd7 10. d4 Nf6 11. Qd3 h6 12. a4 Bd6 13. a5 a6 14. c4 O-O 15.
g3 Qe7 16. Be3 Rad8 17. Bf3 Rfe8 18. Qb3 Bb8 19. Rfe1 Rd7 20. Rad1 Red8 21. Kg2
Qf8 22. h4 Ba7 23. Qc3 c5 24. dxc5 Bxc5 25. Rxd7 Rxd7 26. Bxc5 Qxc5 27. Re5 Qc7
28. g4 Rd3 29. Qxd3 Qxe5 30. Qd8+ Kh7 31. Qe7 Qd4 32. Qxb7 Qxc4 33. b3 Qd4 34.
Qxa6 Nxg4 35. Qe2 Nf6 36. Qc4 Qd2 37. a6 Nd5 38. Bxd5 exd5 39. Qg4 Qd3 40. a7
Qa6 41. Qf5+ Kg8 1-0

[Event "50th Sparkassen Open A"]
[Site "Dortmund GER"]
[Date "2023.06.29"]
[Round "6.8"]
[White "Seemann, Jakub"]
[Black "Samant, Aditya S"]
[Result "1-0"]
[WhiteTitle "FM"]
[BlackTitle "IM"]
[WhiteElo "2446"]
[BlackElo "2503"]
[WhiteFideId "21874697"]
[BlackFideId "35080580"]
[EventDate "2023.06.24"]

1. d4 Nf6 2. c4 e6 3. Nf3 d5 4. g3 Bb4+ 5. Nc3 dxc4 6. Bg2 O-O 7. O-O Nc6 8. a3
Bd6 9. Qa4 e5 10. dxe5 Nxe5 11. Nxe5 Bxe5 12. Qxc4 c6 13. Rd1 Qa5 14. b4 Qc7 15.
Bf4 Be6 16. Bxe5 Qxe5 17. Qd4 Qc7 18. b5 Rfd8 19. Qb4 c5 20. Qa4 Qe5 21. Bxb7
Rab8 22. Qa5 Rxd1+ 23. Rxd1 h5 24. Bf3 Rc8 25. Rd8+ Rxd8 26. Qxd8+ Kh7 27. Qd2
Bb3 28. h4 g6 29. Kg2 Kg7 30. e3 Be6 31. a4 Qc7 32. Ne2 Bb3 33. Qb2 c4 34. Nc3
Kh7 35. Qd2 Nd7 36. Qd4 Ne5 37. Be4 f5 38. Bd5 Nd3 39. Qf6 Qg7 40. Qxg7+ Kxg7
41. a5 Nc5 42. b6 axb6 43. axb6 Kf6 44. b7 Nd7 45. f4 Ke7 46. Kf3 Kd6 47. Bf7
Kc5 48. Be8 Nb8 49. Ke2 Kb4 50. Kd2 1-0

[Event "50th Sparkassen Open A"]
[Site "Dortmund GER"]
[Date "2023.06.29"]
[Round "6.9"]
[White "Samunenkov, Ihor"]
[Black "Strehse, Nelson"]
[Result "1-0"]
[WhiteTitle "IM"]
[WhiteElo "2499"]
[BlackElo "1702"]
[WhiteFideId "14187086"]
[BlackFideId "16228898"]
[EventDate "2023.06.24"]

1. d4 Nf6 2. c4 e6 3. Nf3 d5 4. g3 dxc4 5. Bg2 c5 6. O-O Nc6 7. Qa4 Bd7 8. dxc5
Bxc5 9. Qxc4 Bb6 10. Nc3 O-O 11. Rd1 h6 12. g4 Na5 13. Qf4 Qb8 14. Qxb8 Raxb8
15. Ne5 Bc6 16. Nxc6 Nxc6 17. h3 e5 18. b3 Rfd8 19. Bb2 Kf8 20. e3 Rxd1+ 21.
Rxd1 Rd8 22. Rxd8+ Bxd8 23. Nb5 Ke7 24. Kf1 Ke6 25. Ke2 Nd5 26. Nc3 Nxc3+ 27.
Bxc3 Be7 28. Bb2 Nb4 29. Bxb7 Nxa2 30. Ba6 Bd6 31. Bc4+ Ke7 32. Kd3 g6 33. Ke4
f6 34. h4 h5 35. gxh5 f5+ 36. Kf3 gxh5 37. Kg2 Nb4 38. Be2 Ke6 39. Bxh5 Be7 40.
Ba3 a5 41. Kh3 Bd8 42. Be2 Kf6 43. Bb2 Bb6 44. Kg2 Nd5 45. Bc4 Ne7 46. h5 Kg5
47. Bxe5 Kxh5 48. Bf6 Nc8 49. Bf7+ Kh6 50. Be5 Ne7 51. Kf3 Ng6 52. Bf6 Bc7 53.
Be6 f4 54. e4 Kh5 55. Bf7 Kh6 56. Bxg6 Kxg6 57. Bh4 Kh5 58. Be7 Kg6 59. Kg4 Bb6
60. f3 Be3 61. Bg5 Bd4 62. Kxf4 Bc3 63. Kg4 Bd4 64. Bd2 Bb6 65. Bc3 Bc7 66. f4
Bb6 67. f5+ Kf7 68. e5 Bc7 69. Kf4 Ke7 70. Ke4 Kd7 71. Kd5 Bb6 72. e6+ Ke7 73.
f6+ Kd8 74. f7 Ke7 75. Bg7 1-0

[Event "50th Sparkassen Open A"]
[Site "Dortmund GER"]
[Date "2023.06.29"]
[Round "6.10"]
[White "Woelk, Tom-Frederic"]
[Black "Safarli, Eltaj"]
[Result "0-1"]
[WhiteTitle "FM"]
[BlackTitle "GM"]
[WhiteElo "2318"]
[BlackElo "2609"]
[WhiteFideId "12993077"]
[BlackFideId "13402129"]
[EventDate "2023.06.24"]

1. e4 e5 2. Nf3 Nc6 3. Bb5 a6 4. Ba4 Bc5 5. c3 Nge7 6. O-O Ng6 7. d4 Ba7 8. Bg5
f6 9. Be3 O-O 10. Re1 d6 11. Nbd2 Kh8 12. h3 Bd7 13. Nf1 Na5 14. Bxd7 Qxd7 15.
Qd3 exd4 16. Nxd4 Ne5 17. Qe2 Nac4 18. Rad1 Nxe3 19. Nxe3 Rae8 20. f4 Nc6 21.
Qd3 Qf7 22. b3 Nxd4 23. cxd4 c6 24. Kh1 Qe6 25. Nc2 d5 26. e5 fxe5 27. fxe5 Rf4
28. Rf1 Ref8 29. Rxf4 Rxf4 30. Rf1 Rxf1+ 31. Qxf1 Kg8 32. Qd3 Qf7 33. b4 Qf4 34.
a4 Bb6 35. b5 cxb5 36. axb5 a5 37. Qc3 Qf1+ 38. Kh2 Qf5 39. Ne3 Qd7 40. Qd3 a4
41. Nf5 a3 42. Nd6 h6 43. Qb3 Qe6 44. Qa4 a2 45. Qa8+ Kh7 46. Qxa2 Bxd4 47. Qc2+
Kg8 48. Nxb7 Qxe5+ 49. g3 Bb6 50. h4 h5 51. Kg2 Qe6 52. Qd1 g6 53. Qf3 Kh7 54.
Qf8 d4 55. Qf3 Qe7 56. Qc6 d3 57. Qxb6 d2 0-1

[Event "50th Sparkassen Open A"]
[Site "Dortmund GER"]
[Date "2023.06.29"]
[Round "6.11"]
[White "Aizenberg, Benny"]
[Black "Svane, Rasmus"]
[Result "0-1"]
[WhiteTitle "FM"]
[BlackTitle "GM"]
[WhiteElo "2395"]
[BlackElo "2616"]
[WhiteFideId "2821125"]
[BlackFideId "4657101"]
[EventDate "2023.06.24"]

1. e4 e6 2. d4 d5 3. Nd2 c5 4. Ngf3 cxd4 5. Nxd4 Nc6 6. Nxc6 bxc6 7. Bd3 Bd6 8.
Nf3 dxe4 9. Bxe4 Qc7 10. O-O Nf6 11. Bd3 Bb7 12. Qe2 c5 13. Bb5+ Ke7 14. Bg5
Bxf3 15. Qxf3 Bxh2+ 16. Kh1 Be5 17. Rad1 Rhd8 18. Qa3 Qb6 19. c4 Bd4 20. Rd2 a6
21. Ba4 h6 22. Bf4 g5 23. Bg3 Ne4 24. Re2 Nxg3+ 25. Qxg3 Qd6 26. f4 Rg8 27. Qh3
gxf4 28. Re4 Rg6 29. Rexf4 f5 30. Rxf5 exf5 31. Qxf5 Qe6 32. Qf3 Rb8 33. Qf4 Be5
34. Qf2 Rf6 35. Qxc5+ Qd6 36. Qa7+ Qc7 37. Qg1 Qxc4 38. Qa7+ Qc7 39. Qg1 Rxf1
40. Qxf1 Rb4 0-1

[Event "50th Sparkassen Open A"]
[Site "Dortmund GER"]
[Date "2023.06.29"]
[Round "6.12"]
[White "Wagner, Dennis"]
[Black "Zuferi, Enis"]
[Result "1-0"]
[WhiteTitle "GM"]
[BlackTitle "FM"]
[WhiteElo "2598"]
[BlackElo "2380"]
[WhiteFideId "24650684"]
[BlackFideId "24692530"]
[EventDate "2023.06.24"]

1. e4 c5 2. Nf3 d6 3. d4 cxd4 4. Nxd4 Nf6 5. Nc3 a6 6. h3 e5 7. Nb3 Be7 8. g4 h6
9. Be3 b5 10. a4 bxa4 11. Rxa4 Bd7 12. Ra1 Nc6 13. Nd5 O-O 14. Bg2 Nxd5 15. exd5
Nb4 16. c3 f5 17. cxb4 f4 18. Bd2 Bb5 19. Be4 Bh4 20. Qf3 Qb6 1-0

[Event "50th Sparkassen Open A"]
[Site "Dortmund GER"]
[Date "2023.06.29"]
[Round "6.13"]
[White "Prohaszka, Peter2"]
[Black "Moksh, Amit Doshi"]
[Result "1/2-1/2"]
[WhiteTitle "GM"]
[BlackTitle "IM"]
[WhiteElo "2585"]
[BlackElo "2397"]
[WhiteFideId "726265"]
[BlackFideId "25064967"]
[EventDate "2023.06.24"]

1. Nf3 d5 2. g3 Nf6 3. Bg2 c5 4. O-O Nc6 5. d4 e6 6. c4 dxc4 7. dxc5 Qxd1 8.
Rxd1 Bxc5 9. Nbd2 c3 10. bxc3 O-O 11. Bb2 e5 12. Nb3 Bb6 13. c4 Re8 14. c5 Bc7
15. Nbd2 Be6 16. Ng5 Bg4 17. f3 Bf5 18. e4 Bc8 19. Nc4 h6 20. Nh3 Be6 21. Nd6
Red8 1/2-1/2

[Event "50th Sparkassen Open A"]
[Site "Dortmund GER"]
[Date "2023.06.29"]
[Round "6.14"]
[White "Zeller, Frank"]
[Black "Laurent-Paoli, Pierre"]
[Result "1/2-1/2"]
[WhiteTitle "IM"]
[BlackTitle "IM"]
[WhiteElo "2337"]
[BlackElo "2552"]
[WhiteFideId "4613007"]
[BlackFideId "26017962"]
[EventDate "2023.06.24"]

1. e4 c5 2. Nf3 d6 3. d4 cxd4 4. Nxd4 Nf6 5. Nc3 a6 6. Bc4 e6 7. Bb3 Be7 8. f4
O-O 9. Qf3 Nc6 10. Be3 Nxd4 11. Bxd4 Qa5 12. O-O e5 13. Be3 exf4 14. Bxf4 Be6
15. Kh1 Qh5 16. Qxh5 Nxh5 17. Nd5 Bxd5 18. Bxd5 Nxf4 19. Rxf4 Bf6 20. Raf1 Rac8
21. c3 Rc7 22. g4 Be5 23. R4f2 g6 24. Kg2 Kg7 25. h4 f6 26. a4 b6 27. g5 h6 28.
Kh3 Rcc8 29. Kg4 h5+ 30. Kh3 a5 31. Be6 Rb8 32. Bc4 Rbc8 33. Be6 Rcd8 34. Bd5
fxg5 35. hxg5 Rxf2 36. Rxf2 Rf8 37. Rxf8 Kxf8 38. Kh4 Ke7 39. Bg8 Bf4 40. b3 Bd2
41. c4 Be1+ 42. Kh3 Kf8 43. Bd5 Kg7 44. Be6 Bc3 45. Kh4 Kh7 46. Bf7 Bg7 47. Be6
Bf8 48. Bd5 Be7 49. Be6 Kg7 50. Bd5 Kf8 51. Be6 Kg7 52. Bd5 Kh7 53. Be6 Bf8 54.
Bd5 Bg7 55. Be6 Bc3 56. Bd5 Bd2 57. Be6 Be1+ 1/2-1/2

[Event "50th Sparkassen Open A"]
[Site "Dortmund GER"]
[Date "2023.06.29"]
[Round "6.15"]
[White "Papp, Gabor1"]
[Black "Kuegel, Tobias"]
[Result "1/2-1/2"]
[WhiteTitle "GM"]
[BlackTitle "FM"]
[WhiteElo "2558"]
[BlackElo "2301"]
[WhiteFideId "718602"]
[BlackFideId "4636295"]
[EventDate "2023.06.24"]

1. c4 Nf6 2. Nc3 e6 3. e4 d5 4. e5 d4 5. exf6 dxc3 6. bxc3 Qxf6 7. d4 e5 8. Nf3
exd4 9. Bg5 Qe6+ 10. Be2 d3 11. O-O Bd6 12. Bxd3 O-O 13. Re1 Qd7 14. c5 Bxc5 15.
Ne5 Qd6 16. Qc2 h6 17. Bc4 Be6 18. Rad1 Qb6 19. Bxe6 Bxf2+ 20. Qxf2 Qxf2+ 21.
Kxf2 fxe6+ 22. Nf3 hxg5 23. Kg3 Nc6 24. Rxe6 Rae8 25. Nxg5 Rxe6 26. Nxe6 Re8 27.
Nxc7 Re3+ 28. Kf4 Rxc3 29. Rd2 Rc4+ 30. Ke3 Nd4 31. Nd5 Nf5+ 32. Kf3 Nd4+ 33.
Kf2 Kf7 34. Ne3 Ra4 35. g4 Ke6 36. h4 Ke5 37. g5 g6 38. Rb2 1/2-1/2

[Event "50th Sparkassen Open A"]
[Site "Dortmund GER"]
[Date "2023.06.29"]
[Round "6.16"]
[White "Bailet, Pierre"]
[Black "Weber, Samuel"]
[Result "1-0"]
[WhiteTitle "GM"]
[BlackTitle "FM"]
[WhiteElo "2513"]
[BlackElo "2296"]
[WhiteFideId "655830"]
[BlackFideId "12924008"]
[EventDate "2023.06.24"]

1. e4 e6 2. d4 d5 3. e5 c5 4. c3 Nc6 5. Nf3 Nh6 6. Bxh6 gxh6 7. Bb5 Qb6 8. Qe2
a6 9. Bxc6+ bxc6 10. O-O a5 11. Rc1 Ba6 12. Qc2 Bg7 13. Nbd2 Be2 14. c4 cxd4 15.
cxd5 cxd5 16. Nxd4 Bb5 17. N2f3 O-O 18. g3 Ba6 19. Qd2 Rfc8 20. Kg2 a4 21. b3 a3
22. h4 Bb7 23. Qe3 Qb4 24. Nh2 Qe7 25. Ng4 h5 26. Nh2 f6 27. Nhf3 Kh8 28. Rxc8+
Rxc8 29. Re1 fxe5 30. Nxe5 Qf6 31. f4 Rc2+ 32. Re2 Rb2 33. Qc1 Rxe2+ 34. Nxe2
d4+ 35. Kf2 Qe7 36. Nxd4 Qb4 37. Qe3 Qc5 38. Ndf3 Qc2+ 39. Qd2 Qb2 40. Nc4 Qf6
41. Nce5 Qf8 42. Qc2 Qa8 43. Nf7+ Kg8 44. N7g5 Qa7+ 45. Kg2 Bd5 46. Qxh7+ Kf8
47. Qg6 Qe7 48. f5 e5 49. f6 Bxf6 50. Nh7+ 1-0

[Event "50th Sparkassen Open A"]
[Site "Dortmund GER"]
[Date "2023.06.29"]
[Round "6.17"]
[White "Gallasch, Jonas"]
[Black "Pranav, Anand"]
[Result "0-1"]
[WhiteTitle "FM"]
[BlackTitle "GM"]
[WhiteElo "2303"]
[BlackElo "2510"]
[WhiteFideId "16222474"]
[BlackFideId "46626786"]
[EventDate "2023.06.24"]

1. d4 Nf6 2. c4 g6 3. Nf3 Bg7 4. g3 O-O 5. Bg2 c5 6. O-O cxd4 7. Nxd4 Nc6 8. Nc3
Qa5 9. e3 d6 10. Nxc6 bxc6 11. Bxc6 Rb8 12. Bg2 Bg4 13. Qd2 Rfc8 14. b3 h5 15.
Bb2 Nd7 16. h3 Be6 17. Rfd1 Ne5 18. Nd5 Qd8 19. Bd4 Bxh3 20. Bxe5 Bxg2 21. Bxg7
Bxd5 22. Qxd5 Kxg7 23. Qd4+ e5 24. Qxd6 Qg5 25. Qd5 h4 26. Qf3 Rb6 27. Qg2 Rh8
28. gxh4 Qxh4 29. Kf1 e4 30. Ke2 Qh5+ 31. Kd2 Rd6+ 32. Ke1 Re6 33. Qg3 Qa5+ 34.
Ke2 Qc3 35. Rac1 Qb2+ 36. Kf1 Rf6 37. Kg1 Rh5 38. c5 Rff5 39. c6 0-1

[Event "50th Sparkassen Open A"]
[Site "Dortmund GER"]
[Date "2023.06.29"]
[Round "6.19"]
[White "Ronka, Erik"]
[Black "Korneev, Oleg"]
[Result "1/2-1/2"]
[WhiteTitle "FM"]
[BlackTitle "GM"]
[WhiteElo "2294"]
[BlackElo "2466"]
[WhiteFideId "505080"]
[BlackFideId "4156803"]
[EventDate "2023.06.24"]

1. e4 c5 2. Nf3 e6 3. d4 cxd4 4. Nxd4 a6 5. Nc3 Qc7 6. Bd3 Nf6 7. f4 d6 8. Qf3
b5 9. g4 Bb7 10. g5 Nfd7 11. a3 Nc6 12. Be3 Nxd4 13. Bxd4 e5 14. fxe5 Nxe5 15.
Bxe5 dxe5 16. Nd5 Bxd5 17. exd5 Bd6 18. O-O-O b4 19. axb4 Rb8 20. h4 Rxb4 21. h5
e4 22. Rde1 Bf4+ 23. Kd1 O-O 24. Rxe4 Rxb2 25. Ke2 Rxc2+ 26. Bxc2 Qxc2+ 27. Kf1
Bxg5 28. Re2 Qc5 1/2-1/2

[Event "50th Sparkassen Open A"]
[Site "Dortmund GER"]
[Date "2023.06.30"]
[Round "7.1"]
[White "Mendonca, Leon Luke"]
[Black "Donchenko, Alexander"]
[Result "1/2-1/2"]
[WhiteTitle "GM"]
[BlackTitle "GM"]
[WhiteElo "2623"]
[BlackElo "2667"]
[WhiteFideId "35028561"]
[BlackFideId "24603295"]
[EventDate "2023.06.24"]

1. d4 d5 2. Nf3 Nf6 3. c4 c6 4. Nc3 dxc4 5. a4 e6 6. e3 c5 7. Bxc4 cxd4 8. exd4
Nc6 9. O-O Be7 10. Re1 O-O 11. Bf4 Nd5 12. Bg3 Nxc3 13. bxc3 b6 14. Qe2 Bf6 15.
Rad1 Bb7 16. d5 exd5 17. Bxd5 Qc8 18. c4 Re8 19. Qd2 Rxe1+ 20. Rxe1 h6 21. h3
Qd7 22. Nh2 Re8 23. Ng4 Bg5 24. Rxe8+ Qxe8 25. Qd1 Bc8 26. h4 Be7 27. Qf3 Bd7
28. Qe4 Kh8 29. Qf4 Kg8 30. Qe4 Kh8 31. Qf4 Kg8 32. Qe4 1/2-1/2